00748nam a2200241Ia 450000500170000000800410001702000160005804000190007404100120009308200150010510000180012024500410013825000160017926000250019530000350022050400170025565000150027265100850028785000100037294200070038299900160038995201010040520230429161445.0131103s9999 xx 000 0 und d a027300371 2 aLoreto College aEnglish a651.4bHAR aHarrison,John aSecretarial dutiescby John Harrison a5th Edition aLondonbPitmanc1975 av, 322 p.b ill., fig., tables aRevised 1977 aManagement aManagement, Office services, Clerical services, Secretarial and related services aLCLIB cBK c2680d53159 00102ddc4070aMAINbMAINd2013-11-04l0o651.4 HAR 36995pB2540r2013-11-04w2013-11-04yBKf